<?xml version="1.0" encoding="UTF-8"?>
<resp>
  <nextPage>https://data.bn.org.pl/api/networks/bibs.marcxml?marc=001+b00001150001200&amp;sinceId=1150001201</nextPage>
  <collection>
    <record xmlns='http://www.loc.gov/MARC21/slim'><leader>00915namZa2200313ZiZ4500</leader><controlfield tag='001'>b00001150001200</controlfield><controlfield tag='005'>20241203215748.1</controlfield><controlfield tag='008'>230609s        pl           |000 0 pol c</controlfield><controlfield tag='009'>9913261610405606</controlfield><datafield ind1=' ' ind2=' ' tag='020'><subfield code='a'>8323795118</subfield></datafield><datafield ind1=' ' ind2=' ' tag='035'><subfield code='a'>KR_1KR_1_20120317231135016468-48omnis_kr</subfield></datafield><datafield ind1=' ' ind2=' ' tag='035'><subfield code='a'>KR_1_20120317231135016468</subfield><subfield code='9'>ExL</subfield></datafield><datafield ind1=' ' ind2=' ' tag='035'><subfield code='a'>(PL)b00001150001200</subfield></datafield><datafield ind1=' ' ind2=' ' tag='040'><subfield code='a'>KR_1</subfield><subfield code='c'>KR_1</subfield></datafield><datafield ind1='1' ind2=' ' tag='041'><subfield code='a'>pol</subfield><subfield code='h'>eng</subfield></datafield><datafield ind1='1' ind2=' ' tag='100'><subfield code='a'>Kaaberbol, Lene</subfield></datafield><datafield ind1='1' ind2='0' tag='245'><subfield code='a'>Kamienny sokół /</subfield><subfield code='c'>Lene Kaaberbol ; tł. Jacek Drewnowski.</subfield></datafield><datafield ind1=' ' ind2=' ' tag='260'><subfield code='a'>W-wa :</subfield><subfield code='b'>Egmont Polska,</subfield><subfield code='c'>2003.</subfield></datafield><datafield ind1=' ' ind2=' ' tag='300'><subfield code='a'>119 s. :</subfield><subfield code='b'>il. kolor. ;</subfield><subfield code='c'>18 cm.</subfield></datafield><datafield ind1='1' ind2=' ' tag='490'><subfield code='a'>Witch</subfield></datafield><datafield ind1='1' ind2=' ' tag='490'><subfield code='a'>Rozbita Kula I</subfield></datafield><datafield ind1=' ' ind2=' ' tag='500'><subfield code='a'>d</subfield></datafield><datafield ind1='1' ind2=' ' tag='700'><subfield code='a'>Drewnowski, Jacek</subfield><subfield code='e'>Tł.</subfield></datafield><datafield ind1=' ' ind2=' ' tag='852'><subfield code='b'>48OMNIS_NETWORK</subfield><subfield code='8'>9913261610405606</subfield></datafield><datafield ind1=' ' ind2=' ' tag='852'><subfield code='b'>48OMNIS_KR</subfield><subfield code='8'>991000011999708216</subfield></datafield><datafield ind1=' ' ind2=' ' tag='920'><subfield code='a'>83-237-9404-9</subfield></datafield></record>
  </collection>
</resp>
